000 00532nam a22001937a 4500
003 KOHA_MİRAKIL
005 20251221130726.0
008 251221b tu ||||| |||| 00| 0 tur d
020 _a9786256385733
040 _aTR-AnABB
_btur
_cTR-AnABB
041 _atur
082 _a301.09
_bKAB 2023
100 1 _aKabakcı, Enes,
245 1 0 _aSosyolojiyi kurmak /
_cEnes Kabakcı
260 _aİstanbul :
_bVakıfbank Kültür Yayınları,
_c2023
300 _a293 sayfa ;
_c20 cm
650 0 4 _aSosyoloji
942 _2ddc
_cBK
999 _c9828
_d9828
900 _bGizem YORULMAZ